Estrategias de atención para las diferentes discapacidades : (Registro nro. 24105)
[ vista simple ]
| 000 -LEADER | |
|---|---|
| fixed length control field | 01303cam a2200337 i 4500 |
| 001 - CONTROL NUMBER | |
| control field | 24105 |
| 003 - CONTROL NUMBER IDENTIFIER | |
| control field | Mx-PuUPA |
| 005 - DATE AND TIME OF LATEST TRANSACTION | |
| control field | 20231213122528.0 |
| 008 - FIXED-LENGTH DATA ELEMENTS--GENERAL INFORMATION | |
| fixed length control field | 140415s2005 mx a r 000 0 spa d |
| 020 ## - INTERNATIONAL STANDARD BOOK NUMBER | |
| International Standard Book Number | 9789682472633 |
| 040 ## - CATALOGING SOURCE | |
| Original cataloging agency | Mx-PuUPA |
| Language of cataloging | spa |
| Transcribing agency | Mx-PuUPA |
| Modifying agency | Mx-PuUPA |
| Description conventions | rda |
| 041 0# - LANGUAGE CODE | |
| Language code of text/sound track or separate title | spa |
| 100 1# - MAIN ENTRY--PERSONAL NAME | |
| Personal name | Cardona Echaury, Angélica Leticia, |
| 9 (RLIN) | 8714 |
| Relator term | autor |
| 245 10 - TITLE STATEMENT | |
| Title | Estrategias de atención para las diferentes discapacidades : |
| Remainder of title | manual para padres y maestros / |
| Statement of responsibility, etc. | Angélica Leticia Cardona Echaury, Lourdes Margarita Arambula Godoy, Gabriela María Vallarta Santos |
| 250 ## - EDITION STATEMENT | |
| Edition statement | Primera edición |
| 264 #4 - PRODUCTION, PUBLICATION, DISTRIBUTION, MANUFACTURE, AND COPYRIGHT NOTICE | |
| Place of production, publication, distribution, manufacture | México, D.F. : |
| Name of producer, publisher, distributor, manufacturer | Editorial Trillas, |
| Date of production, publication, distribution, manufacture, or copyright notice | ©2005 |
| 300 ## - PHYSICAL DESCRIPTION | |
| Extent | 135 páginas ; |
| Dimensions | 27 cm |
| 336 ## - CONTENT TYPE | |
| Fuente | rdacontent |
| Content type term | texto |
| Content type code | txt |
| 337 ## - MEDIA TYPE | |
| Source | rdamedia |
| Media type term | sin medio |
| Media type code | n |
| 338 ## - CARRIER TYPE | |
| Source | rdacarrier |
| Carrier type term | volumen |
| Carrier type code | nc |
| 545 1# - BIOGRAPHICAL OR HISTORICAL DATA | |
| Biographical or historical data | Reimpresiones: (2012). |
| 650 #7 - SUBJECT ADDED ENTRY--TOPICAL TERM | |
| Topical term or geographic name entry element | Educación de niños |
| Source of heading or term | armarc |
| 650 #7 - SUBJECT ADDED ENTRY--TOPICAL TERM | |
| Topical term or geographic name entry element | Niños excepcionales |
| General subdivision | Educación |
| Source of heading or term | armarc |
| 650 #7 - SUBJECT ADDED ENTRY--TOPICAL TERM | |
| Topical term or geographic name entry element | Psicopedagogía |
| Source of heading or term | armarc |
| 700 1# - ADDED ENTRY--PERSONAL NAME | |
| Personal name | Arambula Godoy, Lourdes Margarita, |
| Relator term | autor |
| 700 1# - ADDED ENTRY--PERSONAL NAME | |
| Personal name | Vallarta Santos, Gabriela María, |
| Relator term | autor |
| 942 ## - ADDED ENTRY ELEMENTS (KOHA) | |
| Source of classification or shelving scheme | Dewey Decimal Classification |
| Koha item type | Libro |
| Classification part | 371.9 |
| Item part | C257 |
| Withdrawn status | Lost status | Source of classification or shelving scheme | Damaged status | Not for loan | Collection code | Home library | Current library | Shelving location | Date acquired | Source of acquisition | Total Checkouts | Full call number | Barcode | Checked out | Date last seen | Date last checked out | Price effective from | Koha item type |
|---|---|---|---|---|---|---|---|---|---|---|---|---|---|---|---|---|---|---|
| Dewey Decimal Classification | Magisterial | Biblioteca Karol Wojtyla | Biblioteca Karol Wojtyla | Módulo de circulación | 03/12/2013 | Compra | 4 | 371.9 C257 2005 | 45040 | 03/03/2022 | 17/02/2022 | 17/02/2022 | 03/12/2013 | Magisterial | ||||
| Dewey Decimal Classification | General | Tehuacán | Tehuacán | Sala general | 13/12/2023 | 371.9 C257 2005 | 968000001765 | 08/01/2025 | 13/12/2023 | Libro |